Statistiken für Heimische Vögel Quiz

Klicken Sie hier um das Quiz zu spielen!

Allgemein

  • Dieses Quiz wurde 124 mal gespielt
  • Das Durchschnittsergebnis liegt bei 11 aus 16

Antwortstatistiken

Antwort% Korrekt
Rotkehlchen
95%
Fasan
91%
Blaumeise
90%
Mäusebussard
82%
Schleiereule
72%
Kranich
65%
Singdrossel
63%
Bachstelze
62%
Schwarzspecht
62%
Auerhuhn
61%
Habicht
59%
Kormoran
58%
Rauchschwalbe
57%
Kiebitz
50%
Steinadler
50%
Lachmöwe
47%

Verteilung der Resultate

Perzentil nach korrekt beantworteten Fragen

Anzahl Personen mit jedem Resultat

Ihre Resultats-Entwicklung

Sie haben dieses Quiz noch nicht gespielt